Ten most expensive outgoing transfers of PSV Eindhoven - Statistics

General Stats
  • This quiz has been taken 24 times
  • The average score is 7 of 10
Answer Stats
Number Player Season To Fee % Correct
#2 Cody Gakpo 22/23 Liverpool FC €42.00m
95%
#5 Memphis Depay 15/16 Manchester United FC €34.00m
90%
#4 Noni Madueke 22/23 Cheslea FC €35.00m
81%
#7 Donyell Malen 21/22 Borussia Dortmund €30.00m
76%
#10 Arjan Robben 04/05 Chelsea FC €18.00m
71%
#1 Hirving Lozano 19/20 SSC Napoli €50.00m
71%
#3 Ibrahim Sangaré 23/24 Nottingham Forest FC €35.00m
71%
#8 Ruud van Nistelrooy 01/02 Manchester United FC €28.50m
67%
#6 Steven Bergwijn 19/20 Tottenham FC €30.00m
62%
#9 Georginio Wijnaldum 15/16 Newcastle United FC €20.00m
57%
No matching quizzes found
Score Distribution
Percent of People with Each Score
Percentile by Number Answered
Your Score History
You have not taken this quiz